| 000 | 00712nam a2200205Ia 4500 | ||
|---|---|---|---|
| 003 | GCL | ||
| 008 | 140319s9999 xx 000 0 ara d | ||
| 040 |
_aGCL / _cGCL |
||
| 082 | 0 | 4 |
_a327.101 _bه ن |
| 100 | 1 | _aهاليدى, فريد | |
| 245 | 1 | 0 |
_aنهاية الحرب الباردة والعالم الثالث / _cهاليدى, فريد |
| 700 | 1 | _aعبدالاله النعيمى | |
| 300 | _a245 ص | ||
| 490 |
_aدراسات فى الفلسفة والمجتمع _v0 |
||
| 650 | 0 | 4 | _aالعالم الثالث |
| 650 | 0 | 4 | _aالاشتراكية |
| 650 | 0 | 4 | _aالحرب الباردة |
| 650 | 0 | 4 | _aالاتحاد السوفيتى - تاريخ - العصرالحديث - تفكك |
| 942 |
_2ddc _cBK |
||
| 999 |
_c49159 _d49159 |
||